|
|
|
|
| LEADER |
00843nta a2200181 i 4500 |
| 001 |
dipl3391 |
| 005 |
20130314072603.0 |
| 008 |
110407s2009 hu om 0|| hun d |
| 040 |
|
|
|a SZTE Diploma Repozitórium
|b hun
|
| 041 |
|
|
|a hun
|
| 100 |
1 |
|
|a Hallgató Attila
|
| 245 |
1 |
0 |
|a Adatbázis tervezése tömegközlekedési útvonalhálózat valós idejű interaktív modellezéséhez
|h [elektronikus dokumentum] /
|c Attila Hallgató
|
| 260 |
|
|
|c 2009
|
| 650 |
|
4 |
|a Informatika
|
| 700 |
1 |
|
|a Tanács Attila
|e ths
|
| 856 |
4 |
0 |
|u http://diploma.bibl.u-szeged.hu/id/eprint/3391/1/Diplomamunka.pdf
|z Dokumentum-elérés
|
| 856 |
4 |
0 |
|u http://diploma.bibl.u-szeged.hu/id/eprint/3391/2/2009_hallgato_attila_p_09_15_biralat.pdf
|z Dokumentum-elérés
|
| 856 |
4 |
0 |
|u http://diploma.bibl.u-szeged.hu/id/eprint/3391/3/2009_hallgato_attila_p_09_15_melleklet.TGZ
|z Dokumentum-elérés
|